| 000 | 00976nas a2200337 4500 | ||
|---|---|---|---|
| 001 | BR0401277 | ||
| 003 | BR-BrBNA | ||
| 005 | 20231205104406.0 | ||
| 007 | ta | ||
| 008 | 230509b bl.|||p| |||| 00| 00por d | ||
| 040 |
_aBR-BrBNA _bpor _cBiblioteca Nacional de Agricultura |
||
| 041 | _a(En) | ||
| 072 | _aF60 | ||
| 100 | 1 | _aXavier-Filho, J. | |
| 100 | 1 | _aOliveira, A.E.A. | |
| 100 | 1 | _aSilva, L.B. da | |
| 100 | 1 | _aAzevedo, C.R. | |
| 100 | 1 | _aVenâncio, T.M. | |
| 100 | 1 | _aMachado, O.L.T. | |
| 100 | 1 | _aOliva, M.L. | |
| 100 | 1 | _aFernandes, K.V.S. | |
| 100 | 1 | _aXavier-Neto, J. | |
| 245 | 1 | _aPlant insulin or glucokinin: a conflicting issue | |
| 650 | _aPLANTA MEDICINAL | ||
| 650 | _aINSULINA | ||
| 650 | _aCOMPOSIÇÃO QUÍMICA | ||
| 650 | _aAMINOÁCIDO | ||
| 773 | 0 |
_tBrazilian Journal of Plant Physiology (Brazil) _xISSN 1677-0420 _g(May-Aug 2003), v. 15(2) p. 67-78 _wBR0401277 |
|
| 909 |
_a202311 _bLúcia _c55 _dLúcia Elande |
||
| 942 |
_2AGRIS _n0 _cANA |
||
| 999 |
_c177917 _d177917 |
||